Music Quiz

Random Music or Musical Quiz

Musical Scale Types Quiz Stats

 Plays Quiz not verified by Sporcle

Score 0/12 Timer 02:00
0 Plays Today
Description Answer % Correct
starts on laaeolian
88.5%
starts on doionian
84.6%
contains 5 pitchespentatonic
75%
contains only half stepschromatic
73.1%
starts on redorian
71.2%
starts on falydian
61.5%
starts on solmixolydian
59.6%
starts on miphrygian
51.9%
contains only whole stepswhole tone
50%
consists of alternating half and whole stepsoctatonic
46.2%
starts on tilocrian
44.2%
consists of alternating minor thirds and half stepsaugmented
15.4%

You're not logged in!

Compare scores with friends on all Sporcle quizzes.
OR
Log In

Show Comments

Extras

Created Nov 15, 2010ReportNominate
Tags:Musical Quiz

Top Quizzes Today


Score Distribution

Your Account Isn't Verified!

In order to create a playlist on Sporcle, you need to verify the email address you used during registration. Go to your Sporcle Settings to finish the process.

Report this User

Report this user for behavior that violates our Community Guidelines.

Details: